| 000 | 02309cam a2200373 a 4500 | ||
|---|---|---|---|
| 001 | 15764443 | ||
| 003 | ARRUPE | ||
| 005 | 20140913020006.0 | ||
| 008 | 090605s2010 enkb b 001 0 eng | ||
| 010 | _a 2009023321 | ||
| 020 | _a9780521191395 (hardback : alk. paper) | ||
| 020 | _a0521191394 (hardback : alk. paper) | ||
| 035 | _a(OCoLC)ocn351329762 | ||
| 040 |
_aDLC _cDLC _dBTCTA _dYDXCP _dC#P _dBWX _dDTM _dDLC |
||
| 043 | _af-rw--- | ||
| 050 | 0 | 0 |
_aDT450.435 _b.L66 2010 |
| 100 | 1 |
_aLongman, Timothy Paul. _91217 |
|
| 245 | 1 | 0 |
_aChristianity and genocide in Rwanda / _cTimothy Longman. |
| 260 |
_aCambridge, U.K. ; _aNew York : _bCambridge University Press, _c2010. |
||
| 300 |
_axiii, 350 p. : _bmaps ; _c24 cm. |
||
| 490 | 1 | _aAfrican studies | |
| 504 | _aIncludes bibliographical references and index. | ||
| 505 | 0 | _a"People came to mass each day to pray, then they went out to kill" : Christian churches, civil society, and genocide -- "Render unto Caesar and Musinga ..." : Christianity and the colonial state -- The churches and the politics of ethnicity -- "Working hand in hand" : Christian churches and the postcolonial state (1962-1990) -- "Giants with feet of clay" : Christian churches and the postcolonial state (1962-1990) -- "" : Christian churches and democratization (1990-1992) -- "It is the end of the world" : Christian churches and genocide (1993-1994) -- Kirinda : local churches and the construction of hegemony -- Biguhu : local churches, empowerment of the poor, and challenges to hegemony -- "Commanded by the devil" : Christian involvement in the genocide in Kirinda and Biguhu -- Churches and accounting for genocide. | |
| 650 | 0 |
_aGenocide _zRwanda _xHistory _y20th century. _91218 |
|
| 650 | 0 |
_aGenocide _xReligious aspects _xChristianity. _91219 |
|
| 650 | 0 |
_aEthnic relations _xReligious aspects _xChristianity _91220 |
|
| 650 | 0 |
_aEthnic relations _xReligious aspects _xChristianity. _91221 |
|
| 651 | 0 |
_aRwanda _xHistory _yCivil War, 1994 _xAtrocities. _91222 |
|
| 651 | 0 |
_aRwanda _xHistory _yCivil War, 1994 _xReligious aspects. _91223 |
|
| 830 | 0 |
_aAfrican studies series. _91224 |
|
| 906 |
_a7 _bcbc _corignew _d1 _eecip _f20 _gy-gencatlg |
||
| 942 |
_2lcc _cMONOGRAPH _01 |
||
| 999 |
_c118034 _d118034 |
||